| 000 | 01222cam a22002771i 4500 | ||
|---|---|---|---|
| 003 | SA-RiAUC | ||
| 005 | 20241211141100.0 | ||
| 008 | 241211s1983 le g b 001r0 ara c | ||
| 040 |
_aSA-RiAUC _bara _cSA-RiAUC _erda |
||
| 082 | 0 | 4 |
_a258.3 _qSA-RiAUC |
| 090 |
_a258.3 _bا ب ن ف |
||
| 100 | 1 |
_aابن فارس، أحمد بن فارس بن زكرياء، _d329-395 هجري _eمؤلف. |
|
| 245 | 1 | 0 |
_aحلية الفقهاء / _cلأبي الحسين أحمد بن فارس بن زكريا الرازي ؛ تحقيق عبد الله بن عبد المحسن التركي. |
| 250 | _aالطبعة الأولى. | ||
| 264 | 1 |
_aبيروت : _bالشركة المتحدة للتوزيع، _c1983 |
|
| 300 |
_a272 صفحة : _bمثيليات ؛ _c22 سم |
||
| 336 |
_aنص _btxt _2rdacontent _3كتاب |
||
| 337 |
_aبدون وسيط _bn _2rdamedia |
||
| 338 |
_aمجلد _bnc _2rdacarrier |
||
| 500 | _aكشافات : صفحة 223-272. | ||
| 504 | _aببليوجرافية : صفحة 227-231. | ||
| 650 | 7 |
_aالفقه الشافعي _2aucsh |
|
| 700 | 1 |
_aالتركي، عبد الله بن عبد المحسن، _d1359 هجري- _eمحقق. |
|
| 942 |
_2ddc _cBOOK _n0 |
||
| 949 |
_aSA-JeALM _d241211 _umohamedma123 _n1 |
||
| 999 |
_c3346 _d3346 |
||